000 00858nam a22002417a 4500
999 _c4816
_d4816
003 URS
005 20220117120532.0
008 190208s2016 ph ad||| |||| 00| 0 eng d
020 _a9786214150588
040 _cURS
050 _aPE 1128 .A2
_b.D239 2016
100 _aDapat, Jose Rizal O.
245 1 0 _aApplied english for academic and professional services /
_cJose Rizal O. Dapat
260 _aManila, Philippines :
_bJFS Publishing,
_c[2016]
260 _c©2016
300 _avii, 189 pages :
_billustrations ;
_c28 cm
504 _aIncludes bibliography.
524 _aDapat, Jose Rizal O. (2016) Applied English: For academic and professional services.
650 0 _aEnglish language
_xStudy and teaching
650 0 _aAcademic language -- Study and teaching.
650 0 _aEnglish language
_vProblems, exercises, etc.
_xRhetoric
942 _2lcc
_cF